000 01222nam a22003737a 4500
001 000066505
003 CHAP
005 20220329141223.0
008 971010s1983 r 00010 d
010 _a64595
011 _a65567
035 _a72565
040 _cCHAP
082 _a631.7
_bT23
100 0 0 _aTaylor, Howard M.
_9111801
245 0 _aLimitations to efficient water use in crop production.
260 _aMadison, Wis. :
_bAmerican Society of Agronomy,
_c1983.
300 _a538 p. :
_b: gráfs.
590 _aBATCH-UPD
_b10
_c20130110
_lUCH01
_h0809
590 _aBATCH-UPD
_b10
_c20130410
_lUCH01
_h0446
590 _aBATCH-UPD
_b10
_c20130914
_lUCH01
_h1120
590 _aCONVERSION
_b10
_c20130109
_lUCH01
_h1335
590 _aE5765TAJ
_b05
_c20150609
_lUCH01
_h1204
650 1 4 _aCultivos
_xAgua requerida.
_930224
650 1 4 _aCultivos
_xIrrigación.
_930287
650 1 4 _aRelación agua - suelo - planta.
_995825
700 0 _aJordan, Wayne R.
_962101
700 0 _aSinclair, Thomas R.
_9106552
901 _aBK
942 _cLIBRO
942 _n0
949 _a631.7 T3
_bBC
_cLIBRO
_d-154485
_eLIBRO
_gI. 130217
_h68179
_i72565
_si
_t100.71
949 _a631.7 T3
_bZA
_cLIBRO
_d-5275
_eLIBRO
_h5087
_i72565
_si
999 _c64595
_d64595